[Event "ESP-ch U14"]
[Site "Salobrena"]
[Date "2020.08.03"]
[Round "2"]
[White "Martinez Soriano, Javier"]
[Black "Martin Morales, Fernando"]
[Result "1-0"]
[WhiteElo "1981"]
[BlackElo "1500"]
[PlyCount "73"]
[EventDate "2020.08.03"]
[EventType "swiss"]
[EventRounds "9"]
[EventCountry "ESP"]
[SourceTitle "EXT 2021"]
[Source "ChessBase"]
[SourceDate "2020.10.23"]
[SourceVersion "1"]
[SourceVersionDate "2020.10.23"]
[SourceQuality "1"]

1. e4 c5 2. Nf3 d6 3. d4 cxd4 4. Nxd4 Nf6 5. Nc3 a6 6. Nb3 Nc6 7. Bd3 e5 8. 0-0 Be7 9. f4 0-0 10. Qe2 Bg4 11. Qf2 Be6 12. f5 Bxb3 13. axb3 d5 14. exd5 Nxd5 15. Be4 Nf6 16. Bf3 Qc7 17. Be3 Nd4 18. g4 Nxf3+ 19. Qxf3 Bc5 20. g5 Nd7 21. f6 Bxe3+ 22. Qxe3 Qc5 23. Qxc5 Nxc5 24. Rad1 Rad8 25. Nd5 Ne6 26. h4 Nd4 27. c4 Rd6 28. Kg2 g6 29. Rfe1 Re6 30. b4 Nf5 31. h5 gxh5 32. Rh1 h4 33. Kf3 h5 34. Ne3 e4+ 35. Kf4 Ng3 36. Rh2 Rc8 37. Rdd2 1-0

[Event "ESP-ch U14"]
[Site "Salobrena"]
[Date "2020.08.03"]
[Round "1"]
[White "Vesga Izeta, Markel"]
[Black "Martin Morales, Fernando"]
[Result "1-0"]
[WhiteElo "1821"]
[BlackElo "1500"]
[PlyCount "95"]
[EventDate "2020.08.03"]
[EventType "swiss"]
[EventRounds "9"]
[EventCountry "ESP"]
[SourceTitle "EXT 2021"]
[Source "ChessBase"]
[SourceDate "2020.10.23"]
[SourceVersion "1"]
[SourceVersionDate "2020.10.23"]
[SourceQuality "1"]

1. d4 Nf6 2. c4 g6 3. Nc3 d5 4. cxd5 Nxd5 5. e4 Nxc3 6. bxc3 Bg7 7. Be3 c5 8. Nf3 0-0 9. Qd2 Nc6 10. Rb1 Bg4 11. d5 Bxf3 12. gxf3 Ne5 13. Be2 Qa5 14. Rc1 Rfd8 15. c4 Qxd2+ 16. Bxd2 b6 17. f4 Nd7 18. Bf3 Bd4 19. Be3 Bxe3 20. fxe3 f6 21. Ke2 Kf7 22. h4 h6 23. Rhg1 Rab8 24. Rg3 Rg8 25. a4 e5 26. Bg4 f5 27. Bh3 Kf6 28. Rcg1 exf4 29. exf4 Rbe8 30. e5+ Nxe5 31. fxe5+ Rxe5+ 32. Kd3 f4 33. Rf3 g5 34. hxg5+ hxg5 35. d6 Rge8 36. d7 Rd8 37. Rg2 Re1 38. Re2 Rh1 39. Bg4 Kf7 40. Re5 Rg1 41. Re8 Rxd7+ 42. Bxd7 Rd1+ 43. Ke4 Rxd7 44. Re5 Kf6 45. Rf5+ Kg6 46. Rd5 Re7+ 47. Kd3 Kh5 48. Rxf4 1-0